THE THIEF AND THE DOGS (Record no. 216565)

MARC details
000 -LEADER
fixed length control field 00431nam a22001577a 4500
008 - FIXED-LENGTH DATA ELEMENTS--GENERAL INFORMATION
fixed length control field 260205b |||||||| |||| 00| 0 eng d
020 ## - INTERNATIONAL STANDARD BOOK NUMBER
International Standard Book Number 978-0-385-26462-4
022 ## - INTERNATIONAL STANDARD SERIAL NUMBER
International Standard Serial Number 9
050 ## - LIBRARY OF CONGRESS CALL NUMBER
Classification number PJ 7846 .A46 M34 2008
100 ## - MAIN ENTRY--PERSONAL NAME
Personal name MAHFOUZ, NAGUIB
245 ## - TITLE STATEMENT
Title THE THIEF AND THE DOGS
260 ## - PUBLICATION, DISTRIBUTION, ETC.
Place of publication, distribution, etc. NEW YORK
Name of publisher, distributor, etc. ANCHOR BOOKS ,A DIVISION OF RANDOM HYOUSE, INC,
Date of publication, distribution, etc. 2008
300 ## - PHYSICAL DESCRIPTION
Extent 158 P. ILL
942 ## - ADDED ENTRY ELEMENTS (KOHA)
Source of classification or shelving scheme Library of Congress Classification
Koha item type Long Loan Book
Holdings
Withdrawn status Lost status Source of classification or shelving scheme Damaged status Not for loan Collection Home library Current library Shelving location Date acquired Inventory number Total checkouts Full call number Barcode Date last seen Copy number Price effective from Koha item type Date last checked out
    Library of Congress Classification     Arts & Social Sciences Kisii University Library Kisii University Library On Display 02/05/2026 111267   PJ 7846 .A46 M34 2008 50318 02/05/2026 1 02/05/2026 Long Loan Book  
    Library of Congress Classification     Arts & Social Sciences Kisii University Library Kisii University Library On Display 02/05/2026 111268 1 PJ 7846 .A46 M34 2008 50328 03/04/2026 2 02/05/2026 Long Loan Book 02/16/2026
    Library of Congress Classification     Arts & Social Sciences Kisii University Library Kisii University Library On Display 02/05/2026 111269   PJ 7846 .A46 M34 2008 50316 02/05/2026 3 02/05/2026 Long Loan Book  
    Library of Congress Classification     Arts & Social Sciences Kisii University Library Kisii University Library On Display 02/05/2026 111280   PJ 7846 .A46 M34 2008 50794 02/05/2026 4 02/05/2026 Long Loan Book